00777nam a22002537a 45000010005000000030006000050050017000110080041000280200018000690400029000870500015001160820008001311000017001392450031001562500043001872600040002303000060002704900034003305050008003645200081003725210029004535210020004826500021005027597FISKH20250725110917.0250725b cb ||||| |||| 00| 0 eng d a9780152048358 aFISKHbengcFISKHdFISKH aPZ7.H638 I a590 aHoban, Tana  aI wonder /cBy Tana Hoban  aFirst Green Light Readers edition 1999 aOrlando : bHarcourt, Inc , c1999. a24 unnumbered pages : bcolor illustrations ;c22 cm .  aGreen Light Readers vLevel 2 aH  aWhile walking through the park, a child sees a wondrous variety of animals. 8 a430 bLexile estimate 8 aH bRaz-Plus  aAnimalsvFiction